000
00207 a2200097 4500
001
20444
100
_a
bartee, T
245
_a
digital Computer Foundation
260
_a
_b
Bartee, T
_c
090
_c
14879
_d
14879
942
_a
NUST-CAE
_c
M
_c
5423
999
_c
255517
_d
255517